Making marks : (Record no. 10323)

000 -LEADER
fixed length control field 02314cam a22003257i 4500
003 - CONTROL NUMBER IDENTIFIER
control field OSt
005 - DATE AND TIME OF LATEST TRANSACTION
control field 20220314145559.0
008 - FIXED-LENGTH DATA ELEMENTS--GENERAL INFORMATION
fixed length control field 180518t20192019enka 000 0 eng d
016 7# - NATIONAL BIBLIOGRAPHIC AGENCY CONTROL NUMBER
Record control number 019157237
Source Uk
020 ## - INTERNATIONAL STANDARD BOOK NUMBER
International Standard Book Number 9780500021316
Qualifying information (hardcover)
020 ## - INTERNATIONAL STANDARD BOOK NUMBER
International Standard Book Number 0500021317
Qualifying information (hardcover)
035 ## - SYSTEM CONTROL NUMBER
System control number (OCoLC)on1090793609
040 ## - CATALOGING SOURCE
Original cataloging agency YDX
Language of cataloging eng
Description conventions rda
Transcribing agency YDX
Modifying agency CUY
-- TOH
-- CDX
-- NYP
-- IBI
-- FCM
-- NZAUC
-- OCLCF
-- CLU
-- UKMGB
-- BDX
-- ERASA
-- NJB
-- NRC
-- OCLCO
-- DLC
042 ## - AUTHENTICATION CODE
Authentication code lccopycat
050 00 - LIBRARY OF CONGRESS CALL NUMBER
Classification number NA2700
Item number .M353 2019
082 04 - DEWEY DECIMAL CLASSIFICATION NUMBER
Classification number 720.28/4
Edition number 23
130 0# - MAIN ENTRY--UNIFORM TITLE
Uniform title Making marks (Thames and Hudson)
245 10 - TITLE STATEMENT
Title Making marks :
Remainder of title architects' sketchbooks - the creative process /
Statement of responsibility, etc Will Jones.
300 ## - PHYSICAL DESCRIPTION
Extent 319 pages :
Other physical details chiefly illustrations (some color) ;
Dimensions 23 x 31 cm
520 ## - SUMMARY, ETC.
Summary, etc Making Marks follows up the highly successful Architects' Sketchbooks, which presented, for the first time, the rich breadth of sketches being created by contemporary architects following the digital revolution. Taking a post-digital perspective, the sixty renowned architects whose work is collected here show how drawing and new forms of manual presentation have been refined since the reawakening of this basic technique. Notepads, stacks of paper, pencils and fine-point pens are as present in the architect's studio as phalanxes of screens. Revealing why and how hand-drawing still matters, this global survey presents the freehand drawings, vibrant watercolours and abstract impressions of rising talents and well-known names, including Jun Igarashi and Brian MacKay-Lyons. Will Jones's introduction reviews the importance of the physical sketch and its vital part in the architect's creative process. Spanning diverse approaches, styles and physical forms, Making Marks is not merely a compendium of the preoccupations and stylistics of current practice, but a rich and varied insight into architectural creativity.
650 #0 - SUBJECT ADDED ENTRY--TOPICAL TERM
Topical term or geographic name as entry element Architectural drawing
General subdivision Themes, motives.
650 #7 - SUBJECT ADDED ENTRY--TOPICAL TERM
Topical term or geographic name as entry element ARCHITECTURE / General.
Source of heading or term bisacsh
650 #7 - SUBJECT ADDED ENTRY--TOPICAL TERM
Topical term or geographic name as entry element Architectural drawing.
Source of heading or term fast
650 #7 - SUBJECT ADDED ENTRY--TOPICAL TERM
Topical term or geographic name as entry element Architecture, Domestic.
Source of heading or term fast
655 #7 - INDEX TERM--GENRE/FORM
Genre/form data or focus term Architectural drawings.
Source of term fast
655 #7 - INDEX TERM--GENRE/FORM
Genre/form data or focus term Architectural drawings.
Source of term lcgft
700 1# - ADDED ENTRY--PERSONAL NAME
Personal name Jones, Will,
Relator term writer of supplementary textual content.
906 ## - LOCAL DATA ELEMENT F, LDF (RLIN)
a 7
b cbc
c copycat
d 2
e epcn
f 20
g y-gencatlg
942 ## - ADDED ENTRY ELEMENTS (KOHA)
Source of classification or shelving scheme
Holdings
Withdrawn status Lost status Source of classification or shelving scheme Damaged status Koha normalized classification for sorting Not for loan Permanent location Current location Date acquired Source of acquisition Cost, normal purchase price Total Checkouts Full call number Barcode Date last seen Date last borrowed Cost, replacement price Price effective from Koha item type
        720_280000000000000_4   BMS College of Architecture, Design and Planning BMS College of Architecture, Design and Planning 2022-03-14 1 2245.35 1 720.28/4 AR-UG2489 2023-11-22 2023-11-07 3207.64 2022-03-14 UG Books
Copyright © 2025, The Librarian, Library and Information Centre, BMSCA D&P, Bengaluru. All Rights Reserved
web counter

Powered by Koha